Minor Scottish football teams - Statistics

General Stats
  • This quiz has been taken 42 times
  • The average score is 8 of 15
Answer Stats
Question Answer % Correct
Hill Of Beath Hawthorn Cowdenbeath
100%
Preston Athletic Prestonpans
86%
Benburb Glasgow
71%
St Cuthbert Wanderers Kirkcudbright
71%
Strathspey Thistle Grantown-on-Spey
57%
Deveronvale Banff
43%
Lochee United Dundee
43%
Lothian Thistle Hutchison Vale Edinburgh
43%
Camelon Juniors Falkirk
43%
Vale of Leithen Innerleithen
43%
Clachnacuddin Inverness
43%
Whitehill Welfare Rosewell, Midlothian
43%
Banks O' Dee Aberdeen
29%
Tower Hearts Glasgow
29%
Bonnyton Thistle Kilmarnock
29%
No matching quizzes found
Score Distribution
Percent of People with Each Score
Percentile by Number Answered
Your Score History
You have not taken this quiz